Conceptual Physics/ (Record no. 14549)

000 -LEADER
fixed length control field 00484nam a22001577a 4500
008 - FIXED-LENGTH DATA ELEMENTS--GENERAL INFORMATION
fixed length control field 161004b xxu||||| |||| 00| 0 eng d
020 ## - INTERNATIONAL STANDARD BOOK NUMBER
International Standard Book Number 9780673398475
050 ## - LIBRARY OF CONGRESS CALL NUMBER
Classification number QC 23 .H56 1989
100 ## - MAIN ENTRY--PERSONAL NAME
Personal name Hewitt Paul G.
245 ## - TITLE STATEMENT
Title Conceptual Physics/
Statement of responsibility, etc. Paul G. Hewitt.
250 ## - EDITION STATEMENT
Edition statement 6th ed.
260 ## - PUBLICATION, DISTRIBUTION, ETC. (IMPRINT)
Place of publication, distribution, etc. U.S.A.:
Name of publisher, distributor, etc. Compage Company ,
Date of publication, distribution, etc. 1989.
300 ## - PHYSICAL DESCRIPTION
Extent xix, 728p. :
Other physical details ill.(some col.) ;
Dimensions 24cm.
500 ## - GENERAL NOTE
General note includes index.
650 ## - SUBJECT ADDED ENTRY--TOPICAL TERM
Topical term or geographic name as entry element Physics
942 ## - ADDED ENTRY ELEMENTS (KOHA)
Source of classification or shelving scheme
Koha item type Hard Covered Materials
Koha issues (borrowed), all copies 1
Holdings
Withdrawn status Lost status Source of classification or shelving scheme Damaged status Not for loan Home library Current library Shelving location Date acquired Source of acquisition Total Checkouts Full call number Barcode Date last seen Date last checked out Price effective from Koha item type
          MACHAKOS UNIVERSITY LIBRARY MACHAKOS UNIVERSITY LIBRARY Open shelf 04/10/2016 Donation(BFA) 1 QC 23 .H56 1989 22741 08/11/2018 30/10/2018 04/10/2016 Hard Covered Materials
© Machakos University Library, Along The Highway, Machakos Wote Rd, Machakos, Kenya P.O. Box 136 - 90100 Machakos - Kenya

Tel: ( +254 ) 723 805829 OR Fax : 044-20353 OR Email: library@mksu.ac.ke